Statistiken für 10 größter flüssen in Indien

Klicken Sie hier um das Quiz zu spielen!

Allgemein

  • Dieses Quiz wurde 31 mal gespielt
  • Das Durchschnittsergebnis liegt bei 3 aus 10

Antwortstatistiken

Antwort% Korrekt
GGanges
96%
IIndus
93%
BBrahmaputra
44%
YYamuna
22%
CChambal
11%
GOGodavari
11%
KKrishna
11%
NNarmada
11%
JJhelum
0%
MMahandis
0%

Verteilung der Resultate

Perzentil nach korrekt beantworteten Fragen

Anzahl Personen mit jedem Resultat

Ihre Resultats-Entwicklung

Sie haben dieses Quiz noch nicht gespielt